[Event "WCO 2016"]
[Site "?"]
[Date "2016.09.09"]
[Round "7"]
[Board "8"]
[WhiteID "5400651"]
[White "Berezovsky Fiorina"]
[BlackID "3412369"]
[Black "Bernal Hurtado Constanza"]
[Result "1-0"]
[BlackElo "1779"]
[WhiteElo "1096"]
[LiveChessVersion "1.4.8"]

1. e4 {[%clk 1:30:57]} d6 {[%clk 1:30:48]} 2. d4 {[%clk 1:31:16]} Nf6
{[%clk 1:31:08]} 3. Nc3 {[%clk 1:31:24]} e5 {[%clk 1:31:14]} 4. Nf3
{[%clk 1:31:35]} Nbd7 {[%clk 1:31:19]} 5. Bc4 {[%clk 1:31:38]} Be7
{[%clk 1:31:44]} 6. Ng5 {[%clk 1:28:58]} O-O {[%clk 1:31:51]} 7. Bxf7+
{[%clk 1:28:34]} Rxf7 {[%clk 1:32:19]} 8. Ne6 {[%clk 1:28:43]} Qe8
{[%clk 1:32:34]} 9. Nxc7 {[%clk 1:29:01]} Qd8 {[%clk 1:32:45]} 10. Nxa8
{[%clk 1:29:14]} b6 {[%clk 1:32:45]} 11. Nxb6 {[%clk 1:29:17]} Qxb6
{[%clk 1:33:11]} 12. d5 {[%clk 1:27:11]} Ba6 {[%clk 1:31:32]} 13. b3
{[%clk 1:25:15]} Qb4 {[%clk 1:26:08]} 14. Bd2 {[%clk 1:23:30]} Nxe4
{[%clk 1:16:30]} 15. Nxe4 {[%clk 1:22:44]} Qxe4+ {[%clk 1:16:40]} 16. Be3
{[%clk 1:21:44]} Qxg2 {[%clk 1:16:10]} 17. Kd2 {[%clk 1:20:16]} Qxd5+
{[%clk 1:13:35]} 18. Kc1 {[%clk 1:20:30]} Qxd1+ {[%clk 1:11:08]} 19. Rxd1
{[%clk 1:20:47]} Nb6 {[%clk 1:01:23]} 20. a4 {[%clk 1:20:14]} Bf8
{[%clk 0:49:47]} 21. Kb2 {[%clk 1:16:55]} Rd7 {[%clk 0:42:21]} 22. f4
{[%clk 1:15:44]} e4 {[%clk 0:33:01]} 23. Re1 {[%clk 1:12:31]} d5 {[%clk 0:32:07]}
24. Rad1 {[%clk 1:11:30]} g6 {[%clk 0:23:36]} 25. Bd4 {[%clk 1:08:54]} Bb7
{[%clk 0:19:15]} 26. c3 {[%clk 1:05:28]} Bh6 {[%clk 0:16:07]} 27. Rf1
{[%clk 1:05:24]} Re7 {[%clk 0:11:43]} 28. f5 {[%clk 1:03:21]} Rf7
{[%clk 0:07:40]} 29. fxg6 {[%clk 1:01:54]} hxg6 {[%clk 0:07:20]} 30. Rxf7
{[%clk 1:00:53]} Kxf7 {[%clk 0:07:48]} 31. Rf1+ {[%clk 1:01:02]} Ke7
{[%clk 0:06:43]} 32. Rf6 {[%clk 0:59:52]} e3 {[%clk 0:03:42]} 33. Rf1
{[%clk 0:58:42]} Bc8 {[%clk 0:01:51]} 34. Re1 {[%clk 0:57:26]} Kd6
{[%clk 0:00:39]} 35. Bxe3 {[%clk 0:57:34]} Bxe3 {[%clk 0:00:44]} 36. Rxe3
{[%clk 0:57:59]} Bf5 {[%clk 0:00:59]} 37. a5 {[%clk 0:57:41]} Nd7
{[%clk 0:01:00]} 38. b4 {[%clk 0:57:54]} Ne5 {[%clk 0:00:55]} 39. Kb3
{[%clk 0:57:11]} Nd7 {[%clk 0:01:00]} 40. c4 {[%clk 1:27:08]} d4 {[%clk 0:30:53]}
41. Re2 {[%clk 1:27:09]} d3 {[%clk 0:28:21]} 42. Rd2 {[%clk 1:27:15]} Ne5
{[%clk 0:28:11]} 43. Kc3 {[%clk 1:25:25]} Nf3 {[%clk 0:25:57]} 44. Rd1
{[%clk 1:24:32]} Nxh2 {[%clk 0:24:44]} 45. Kd4 {[%clk 1:20:56]} Nf3+
{[%clk 0:21:43]} 46. Ke3 {[%clk 1:20:28]} Ne5 {[%clk 0:20:09]} 47. Kd4
{[%clk 1:20:27]} Nc6+ {[%clk 0:16:30]} 48. Kc3 {[%clk 1:20:19]} g5
{[%clk 0:09:34]} 49. a6 {[%clk 1:20:08]} g4 {[%clk 0:08:15]} 50. Rf1
{[%clk 1:20:03]} Ke5 {[%clk 0:01:50]} 51. b5 {[%clk 1:19:19]} Nb8
{[%clk 0:01:26]} 52. Re1+ {[%clk 1:19:02]} Be4 {[%clk 0:01:54]} 53. c5
{[%clk 1:18:42]} g3 {[%clk 0:01:16]} 54. c6 {[%clk 1:19:00]} g2 {[%clk 0:00:38]}
55. c7 {[%clk 1:18:38]} d2 {[%clk 0:00:35]} 56. Kxd2 {[%clk 1:18:47]} 1-0

[Event "WCO 2016"]
[Site "?"]
[Date "2016.09.09"]
[Round "7"]
[Board "9"]
[WhiteID "12100625"]
[White "Al-khelaifi Aisha"]
[BlackID "34101737"]
[Black "Nazarova Anastasia"]
[Result "0-1"]
[BlackElo "1897"]
[WhiteElo "1685"]
[LiveChessVersion "1.4.8"]

1. e4 {[%clk 1:30:53]} c5 {[%clk 1:30:55]} 2. Nf3 {[%clk 1:31:07]} g6
{[%clk 1:31:18]} 3. c3 {[%clk 1:30:55]} Bg7 {[%clk 1:31:36]} 4. d4
{[%clk 1:31:18]} cxd4 {[%clk 1:32:00]} 5. cxd4 {[%clk 1:31:43]} d5
{[%clk 1:32:23]} 6. e5 {[%clk 1:31:39]} Bg4 {[%clk 1:32:17]} 7. Bb5+
{[%clk 1:31:20]} Nd7 {[%clk 1:32:29]} 8. Bxd7+ {[%clk 1:29:53]} Qxd7
{[%clk 1:32:10]} 9. Nbd2 {[%clk 1:29:24]} e6 {[%clk 1:30:57]} 10. h3
{[%clk 1:27:51]} Bxf3 {[%clk 1:31:19]} 11. Nxf3 {[%clk 1:28:19]} Ne7
{[%clk 1:31:32]} 12. b3 {[%clk 1:26:52]} O-O {[%clk 1:23:15]} 13. O-O
{[%clk 1:21:25]} Rac8 {[%clk 1:11:16]} 14. Ba3 {[%clk 1:17:32]} Rc6
{[%clk 1:02:34]} 15. Qd2 {[%clk 1:13:03]} f6 {[%clk 0:56:22]} 16. exf6
{[%clk 1:06:10]} Bxf6 {[%clk 0:51:20]} 17. Rac1 {[%clk 0:59:59]} Rfc8
{[%clk 0:46:28]} 18. Ne5 {[%clk 0:54:45]} Bxe5 {[%clk 0:46:41]} 19. dxe5
{[%clk 0:55:13]} Rxc1 {[%clk 0:35:44]} 20. Rxc1 {[%clk 0:55:24]} Rxc1+
{[%clk 0:34:13]} 21. Qxc1 {[%clk 0:55:51]} Nc6 {[%clk 0:34:01]} 22. Qf4
{[%clk 0:45:40]} Qf7 {[%clk 0:29:13]} 23. Qxf7+ {[%clk 0:44:39]} Kxf7
{[%clk 0:29:36]} 24. f4 {[%clk 0:44:14]} h6 {[%clk 0:26:40]} 25. Kf2
{[%clk 0:40:40]} g5 {[%clk 0:26:01]} 26. g3 {[%clk 0:39:48]} gxf4
{[%clk 0:22:12]} 27. gxf4 {[%clk 0:40:15]} Kg6 {[%clk 0:22:14]} 28. Ke3
{[%clk 0:33:37]} Kf5 {[%clk 0:21:37]} 29. Bc1 {[%clk 0:29:44]} b6
{[%clk 0:16:56]} 30. a3 {[%clk 0:21:59]} h5 {[%clk 0:07:06]} 31. Bd2
{[%clk 0:18:35]} Na5 {[%clk 0:04:57]} 32. Be1 {[%clk 0:04:55]} Nxb3
{[%clk 0:05:19]} 33. Bg3 {[%clk 0:02:30]} Na5 {[%clk 0:05:34]} 34. a4
{[%clk 0:01:14]} Nc4+ {[%clk 0:05:56]} 35. Kd3 {[%clk 0:01:36]} Nb2+
{[%clk 0:06:17]} 36. Ke3 {[%clk 0:00:55]} Nxa4 {[%clk 0:06:44]} 37. Kd4
{[%clk 0:01:01]} Nc5 {[%clk 0:06:36]} 38. Bh2 {[%clk 0:00:54]} a5
{[%clk 0:06:49]} 39. Kc3 {[%clk 0:00:59]} b5 {[%clk 0:06:42]} 40. Kb2
{[%clk 0:30:40]} Nd3+ {[%clk 0:36:56]} 41. Kc2 {[%clk 0:30:17]} Nxf4
{[%clk 0:37:09]} 0-1

[Event "WCO 2016"]
[Site "?"]
[Date "2016.09.09"]
[Round "7"]
[Board "10"]
[WhiteID "513423"]
[White "Rinne Heini"]
[BlackID "12100382"]
[Black "Al-khulaifi Fatima A."]
[Result "1-0"]
[BlackElo "1584"]
[WhiteElo "1751"]
[LiveChessVersion "1.4.8"]

1. d4 {[%clk 1:30:57]} d5 {[%clk 1:30:53]} 2. c4 {[%clk 1:31:21]} c6 3. cxd5
{[%clk 1:31:38]} cxd5 {[%clk 1:30:55]} 4. Nf3 {[%clk 1:27:54]} Nf6 5. Nc3
{[%clk 1:28:15]} a6 {[%clk 1:28:31]} 6. Bf4 {[%clk 1:24:07]} Nbd7
{[%clk 1:23:22]} 7. e3 {[%clk 1:19:44]} e6 {[%clk 1:04:07]} 8. Bd3
{[%clk 1:14:14]} b5 {[%clk 1:02:22]} 9. Rc1 {[%clk 1:09:29]} Bb7 {[%clk 0:58:22]}
10. O-O {[%clk 1:04:33]} Ne4 {[%clk 0:39:47]} 11. Bxe4 {[%clk 0:49:03]} dxe4
{[%clk 0:40:10]} 12. Nd2 {[%clk 0:47:32]} f5 {[%clk 0:38:30]} 13. f3
{[%clk 0:41:10]} b4 {[%clk 0:31:01]} 14. Na4 {[%clk 0:40:34]} exf3
{[%clk 0:29:06]} 15. Nxf3 {[%clk 0:40:45]} Rc8 {[%clk 0:28:36]} 16. Rxc8
{[%clk 0:35:30]} Qxc8 {[%clk 0:27:40]} 17. Qc1 {[%clk 0:35:08]} Be7
{[%clk 0:07:22]} 18. Qxc8+ {[%clk 0:34:51]} Bxc8 {[%clk 0:07:47]} 19. Rc1
{[%clk 0:33:56]} O-O {[%clk 0:04:17]} 20. Rc7 {[%clk 0:33:30]} h6
{[%clk 0:01:53]} 21. h4 {[%clk 0:17:25]} Re8 {[%clk 0:01:38]} 22. g3
{[%clk 0:14:46]} Nf6 23. Nb6 {[%clk 0:14:47]} Nd5 {[%clk 0:01:04]} 24. Rxc8
{[%clk 0:14:49]} Rxc8 {[%clk 0:01:13]} 25. Nxc8 {[%clk 0:15:13]} Bd8
{[%clk 0:00:59]} 26. Nd6 {[%clk 0:15:00]} Nb6 {[%clk 0:01:07]} 27. Nb7
{[%clk 0:14:08]} Be7 {[%clk 0:01:11]} 28. Nc5 {[%clk 0:13:39]} Kf7
{[%clk 0:00:36]} 29. Kf2 {[%clk 0:10:51]} Nd5 {[%clk 0:00:32]} 30. Ke2
{[%clk 0:10:21]} a5 {[%clk 0:00:54]} 31. Kd3 {[%clk 0:10:08]} 1-0

[Event "WCO 2016"]
[Site "?"]
[Date "2016.09.09"]
[Round "7"]
[Board "11"]
[WhiteID "12100145"]
[White "Al-Khelaifi Kholoud"]
[BlackID "510947"]
[Black "Turunen Tiina"]
[Result "1-0"]
[BlackElo "1773"]
[WhiteElo "1492"]
[LiveChessVersion "1.4.8"]

1. d4 {[%clk 1:30:55]} Nf6 {[%clk 1:30:53]} 2. c4 {[%clk 1:31:08]} g6
{[%clk 1:31:09]} 3. Nc3 {[%clk 1:31:18]} Bg7 {[%clk 1:31:22]} 4. e4
{[%clk 1:31:29]} d6 {[%clk 1:31:26]} 5. f3 {[%clk 1:31:23]} O-O {[%clk 1:31:43]}
6. Bg5 {[%clk 1:31:13]} h6 {[%clk 1:31:44]} 7. Be3 {[%clk 1:30:25]} Nbd7
{[%clk 1:31:08]} 8. Nge2 {[%clk 1:29:22]} e5 {[%clk 1:31:12]} 9. d5
{[%clk 1:29:17]} Ne8 {[%clk 1:27:31]} 10. g4 {[%clk 1:24:18]} a6 {[%clk 1:22:58]}
11. Qd2 {[%clk 1:20:49]} Kh7 {[%clk 1:22:22]} 12. h4 {[%clk 1:18:51]} Rg8
{[%clk 1:21:37]} 13. g5 {[%clk 1:08:40]} h5 {[%clk 1:21:26]} 14. Ng3
{[%clk 1:01:01]} Rh8 {[%clk 1:19:43]} 15. Bd3 {[%clk 1:00:20]} Kg8
{[%clk 1:19:38]} 16. O-O-O {[%clk 1:00:26]} c6 {[%clk 1:15:59]} 17. Rdf1
{[%clk 0:55:51]} Nb6 {[%clk 1:05:13]} 18. Qf2 {[%clk 0:53:23]} Rh7
{[%clk 0:55:09]} 19. Bxb6 {[%clk 0:52:42]} Qe7 {[%clk 0:50:32]} 20. Be3
{[%clk 0:51:31]} c5 {[%clk 0:50:27]} 21. f4 {[%clk 0:43:23]} exf4
{[%clk 0:48:12]} 22. Bxf4 {[%clk 0:43:21]} Be5 {[%clk 0:45:18]} 23. Bxe5
{[%clk 0:41:17]} Qxe5 {[%clk 0:44:59]} 24. Nxh5 {[%clk 0:32:58]} Bg4
{[%clk 0:30:01]} 25. Nf6+ {[%clk 0:31:31]} Nxf6 {[%clk 0:30:05]} 26. Qxf6
{[%clk 0:30:02]} Re8 {[%clk 0:21:49]} 27. Qxe5 {[%clk 0:22:36]} dxe5
{[%clk 0:20:52]} 28. Be2 {[%clk 0:20:19]} Bd7 {[%clk 0:18:46]} 29. h5
{[%clk 0:19:20]} gxh5 {[%clk 0:15:07]} 30. Rxh5 {[%clk 0:19:23]} Rg7
{[%clk 0:11:45]} 31. Rfh1 {[%clk 0:15:55]} Kf8 {[%clk 0:11:30]} 32. d6
{[%clk 0:11:57]} Re6 {[%clk 0:10:26]} 33. Bg4 {[%clk 0:09:31]} Rxd6
{[%clk 0:10:19]} 34. Bxd7 {[%clk 0:09:57]} Rxd7 {[%clk 0:10:22]} 35. Nd5
{[%clk 0:10:24]} Rd6 {[%clk 0:10:16]} 36. Rh8+ {[%clk 0:07:28]} Rg8
{[%clk 0:10:16]} 37. Nf6 {[%clk 0:07:35]} 1-0

[Event "WCO 2016"]
[Site "?"]
[Date "2016.09.09"]
[Round "7"]
[Board "12"]
[WhiteID "504513"]
[White "Walta Paivi"]
[BlackID "12100510"]
[Black "Safar Alshaymaa"]
[Result "1-0"]
[BlackElo "1603"]
[WhiteElo "1735"]
[LiveChessVersion "1.4.8"]

1. e4 {[%clk 1:30:54]} d5 {[%clk 1:30:55]} 2. exd5 {[%clk 1:31:09]} Qxd5
{[%clk 1:31:18]} 3. Nf3 {[%clk 1:31:21]} Nf6 {[%clk 1:31:32]} 4. d4
{[%clk 1:31:06]} g6 {[%clk 1:31:10]} 5. Be2 {[%clk 1:30:31]} Bg7 {[%clk 1:31:10]}
6. O-O {[%clk 1:30:15]} O-O {[%clk 1:31:23]} 7. Re1 {[%clk 1:28:06]} Nc6
{[%clk 1:26:32]} 8. c4 {[%clk 1:25:03]} Qd6 {[%clk 1:26:00]} 9. Nc3
{[%clk 1:24:16]} a6 {[%clk 1:26:09]} 10. d5 {[%clk 1:23:09]} Ne5 {[%clk 1:18:11]}
11. Nxe5 {[%clk 1:23:18]} Qxe5 {[%clk 1:18:32]} 12. Bf3 {[%clk 1:23:25]} Qd6
{[%clk 1:18:34]} 13. Be3 {[%clk 1:22:55]} Qb4 {[%clk 1:05:38]} 14. Qe2
{[%clk 1:22:01]} e6 {[%clk 0:30:21]} 15. Rac1 {[%clk 1:11:45]} exd5
{[%clk 0:25:05]} 16. cxd5 {[%clk 1:10:18]} Re8 {[%clk 0:20:54]} 17. Qd2
{[%clk 1:05:49]} Bf5 {[%clk 0:14:09]} 18. a3 {[%clk 1:03:59]} Qd6
{[%clk 0:09:42]} 19. Bf4 {[%clk 1:03:55]} Qd7 {[%clk 0:07:53]} 20. h3
{[%clk 0:57:52]} h5 {[%clk 0:07:33]} 21. Ne2 {[%clk 0:56:08]} Rac8
{[%clk 0:07:11]} 22. Red1 {[%clk 0:55:14]} Be4 {[%clk 0:04:58]} 23. Bxe4
{[%clk 0:52:41]} Nxe4 {[%clk 0:05:25]} 24. Qc2 {[%clk 0:52:40]} Nd6
{[%clk 0:05:30]} 25. Nc3 {[%clk 0:52:33]} Be5 {[%clk 0:04:59]} 26. Bg5
{[%clk 0:51:06]} Qf5 {[%clk 0:04:47]} 27. Qd2 {[%clk 0:50:31]} Nc4
{[%clk 0:04:27]} 28. Qd3 {[%clk 0:50:24]} Qxd3 {[%clk 0:04:38]} 29. Rxd3
{[%clk 0:50:05]} Nxb2 {[%clk 0:04:55]} 30. Rf3 {[%clk 0:49:23]} Nc4
{[%clk 0:04:31]} 31. Ne4 {[%clk 0:49:25]} Nd6 {[%clk 0:03:42]} 32. Nc5
{[%clk 0:47:35]} Rb8 {[%clk 0:03:20]} 33. Rb3 {[%clk 0:47:12]} Bd4
{[%clk 0:02:06]} 34. Nd3 {[%clk 0:44:57]} Bb6 {[%clk 0:01:39]} 35. Kf1
{[%clk 0:42:11]} Ne4 {[%clk 0:01:58]} 36. Bh6 {[%clk 0:41:04]} g5
{[%clk 0:01:14]} 37. Rb2 {[%clk 0:37:30]} Kh7 {[%clk 0:01:18]} 38. d6
{[%clk 0:36:20]} Nxd6 {[%clk 0:00:52]} 39. Bxg5 {[%clk 0:36:41]} Ne4
{[%clk 0:00:58]} 40. Bf4 {[%clk 1:06:39]} Rbd8 {[%clk 0:30:43]} 41. Ne1
{[%clk 1:01:44]} Rd7 {[%clk 0:30:06]} 42. Nf3 {[%clk 0:59:16]} Red8
{[%clk 0:22:39]} 43. Rbb1 {[%clk 0:53:43]} Nxf2 {[%clk 0:17:44]} 44. Rxb6
{[%clk 0:52:14]} cxb6 {[%clk 0:16:07]} 45. Kxf2 {[%clk 0:52:34]} f6
{[%clk 0:13:36]} 46. a4 {[%clk 0:52:13]} Re8 {[%clk 0:12:38]} 47. Rb1
{[%clk 0:49:58]} Re6 {[%clk 0:12:00]} 48. Be3 {[%clk 0:49:55]} Rdd6
{[%clk 0:09:41]} 49. Nd2 {[%clk 0:44:55]} Rd3 {[%clk 0:07:42]} 50. Nf1
{[%clk 0:43:34]} Rdd6 {[%clk 0:07:27]} 51. Ng3 {[%clk 0:42:44]} Kg6
{[%clk 0:07:29]} 52. Rb3 {[%clk 0:42:26]} Rc6 {[%clk 0:06:41]} 53. Ne2
{[%clk 0:42:30]} Rc4 {[%clk 0:03:48]} 54. Nf4+ {[%clk 0:42:08]} Rxf4+
{[%clk 0:02:17]} 55. Bxf4 {[%clk 0:42:32]} Re4 {[%clk 0:02:08]} 56. Be3
{[%clk 0:42:25]} Rxa4 {[%clk 0:01:19]} 57. Rxb6 {[%clk 0:42:47]} Ra2+
{[%clk 0:00:51]} 58. Kf3 {[%clk 0:43:08]} a5 {[%clk 0:00:59]} 59. Rxb7
{[%clk 0:43:28]} a4 {[%clk 0:01:14]} 60. Ra7 {[%clk 0:43:40]} Ra3
{[%clk 0:01:26]} 61. Ke4 {[%clk 0:43:42]} Ra2 {[%clk 0:01:19]} 62. g3
{[%clk 0:43:56]} f5+ {[%clk 0:00:44]} 63. Kf4 {[%clk 0:43:24]} Ra3
{[%clk 0:00:41]} 64. Ra5 {[%clk 0:43:11]} Ra1 {[%clk 0:00:37]} 65. Bd4
{[%clk 0:41:35]} Rf1+ {[%clk 0:00:39]} 66. Ke5 {[%clk 0:41:50]} Re1+
{[%clk 0:00:37]} 67. Kd5 {[%clk 0:42:04]} Rh1 {[%clk 0:00:41]} 68. h4
{[%clk 0:42:24]} Rh3 {[%clk 0:00:44]} 69. Be5 {[%clk 0:42:48]} 1-0

[Event "WCO 2016"]
[Site "?"]
[Date "2016.09.09"]
[Round "7"]
[Board "9"]
[WhiteID "1901192"]
[White "Coimbra Margarida"]
[BlackID "411850"]
[Black "Smith Olivia"]
[Result "1/2-1/2"]
[BlackElo "2002"]
[WhiteElo "2078"]
[LiveChessVersion "1.4.8"]

1. e4 {[%clk 1:30:56]} e5 {[%clk 1:30:56]} 2. Nf3 {[%clk 1:31:16]} Nf6
{[%clk 1:31:20]} 3. Nxe5 {[%clk 1:31:35]} d6 {[%clk 1:31:39]} 4. Nf3
{[%clk 1:31:55]} Nxe4 {[%clk 1:32:03]} 5. Nc3 {[%clk 1:32:12]} Nf6
{[%clk 1:31:21]} 6. d4 {[%clk 1:29:33]} Be7 {[%clk 1:31:40]} 7. Bd3
{[%clk 1:28:54]} O-O {[%clk 1:32:01]} 8. h3 {[%clk 1:18:14]} Nbd7
{[%clk 1:28:18]} 9. O-O {[%clk 1:17:33]} Re8 {[%clk 1:25:50]} 10. Ne2
{[%clk 1:06:24]} Nf8 {[%clk 1:25:16]} 11. Ng3 {[%clk 1:06:20]} Ng6
{[%clk 1:18:15]} 12. Nf5 {[%clk 0:53:08]} Bf8 {[%clk 1:11:59]} 13. Re1
{[%clk 0:47:04]} d5 {[%clk 1:04:38]} 14. Bg5 {[%clk 0:44:18]} Bxf5
{[%clk 0:55:46]} 15. Bxf5 {[%clk 0:44:35]} Qd6 {[%clk 0:55:28]} 16. Bxg6
{[%clk 0:30:59]} hxg6 {[%clk 0:55:14]} 17. Ne5 {[%clk 0:31:07]} Ne4
{[%clk 0:52:12]} 18. Bf4 {[%clk 0:26:58]} Qf6 {[%clk 0:49:12]} 19. Qf3
{[%clk 0:25:48]} g5 {[%clk 0:45:04]} 20. Be3 {[%clk 0:22:27]} Bd6
{[%clk 0:42:19]} 21. Qxf6 {[%clk 0:16:40]} gxf6 {[%clk 0:42:44]} 22. Nf3
{[%clk 0:13:54]} Kg7 {[%clk 0:40:59]} 23. Nd2 {[%clk 0:13:11]} Kg6
{[%clk 0:40:27]} 24. Nxe4 {[%clk 0:13:16]} Rxe4 {[%clk 0:40:18]} 25. f3
{[%clk 0:13:19]} Re6 {[%clk 0:39:34]} 26. Kf2 {[%clk 0:13:08]} Rae8
{[%clk 0:39:35]} 27. Bd2 {[%clk 0:12:23]} f5 {[%clk 0:38:33]} 28. a4
{[%clk 0:05:08]} c5 {[%clk 0:32:05]} 29. dxc5 {[%clk 0:03:05]} Bxc5+
{[%clk 0:32:25]} 30. Kf1 {[%clk 0:03:26]} f4 {[%clk 0:32:35]} 31. Rad1
{[%clk 0:02:12]} d4 {[%clk 0:17:46]} 32. Bc1 {[%clk 0:01:38]} a5 {[%clk 0:14:38]}
33. b3 {[%clk 0:01:39]} b6 {[%clk 0:09:02]} 34. Bb2 {[%clk 0:01:53]} Re3
{[%clk 0:08:26]} 35. Bc1 {[%clk 0:02:04]} R3e6 {[%clk 0:08:21]} 36. Bb2
{[%clk 0:02:13]} Re3 {[%clk 0:08:19]} 37. Bc1 {[%clk 0:02:07]} R3e6
{[%clk 0:07:58]} 1/2-1/2

[Event "WCO 2016"]
[Site "?"]
[Date "2016.09.09"]
[Round "7"]
[Board "10"]
[WhiteID "1800191"]
[White "Roberts Lynda"]
[BlackID "1911899"]
[Black "Silva Mariana Sofia T."]
[Result "0-1"]
[BlackElo "1789"]
[WhiteElo "1888"]
[LiveChessVersion "1.4.8"]

1. e4 {[%clk 1:30:53]} c5 {[%clk 1:30:44]} 2. Nc3 {[%clk 1:31:18]} Nc6
{[%clk 1:31:08]} 3. g3 {[%clk 1:31:42]} g6 {[%clk 1:31:33]} 4. Bg2
{[%clk 1:31:56]} Bg7 {[%clk 1:31:55]} 5. d3 {[%clk 1:32:17]} d6 {[%clk 1:32:19]}
6. f4 {[%clk 1:32:15]} e6 {[%clk 1:32:35]} 7. Nf3 {[%clk 1:32:22]} Nge7
{[%clk 1:32:56]} 8. O-O {[%clk 1:32:23]} O-O {[%clk 1:33:21]} 9. Be3
{[%clk 1:32:35]} b6 {[%clk 1:33:34]} 10. Qd2 {[%clk 1:30:59]} d5 {[%clk 1:32:31]}
11. exd5 {[%clk 1:30:02]} exd5 {[%clk 1:32:09]} 12. Bf2 {[%clk 1:25:48]} Bb7
{[%clk 1:24:13]} 13. d4 {[%clk 1:23:32]} Nf5 {[%clk 1:05:42]} 14. Ne2
{[%clk 1:18:00]} Nd6 {[%clk 0:58:26]} 15. Ne5 {[%clk 1:10:37]} Ne4
{[%clk 0:54:44]} 16. Bxe4 {[%clk 1:00:45]} dxe4 {[%clk 0:55:07]} 17. Nxc6
{[%clk 1:00:08]} Bxc6 {[%clk 0:55:30]} 18. Qe3 {[%clk 0:58:15]} cxd4
{[%clk 0:52:49]} 19. Nxd4 {[%clk 0:58:20]} Bb7 {[%clk 0:52:09]} 20. Rfd1
{[%clk 0:55:14]} Qc8 {[%clk 0:47:47]} 21. c3 {[%clk 0:53:38]} Qh3
{[%clk 0:43:08]} 22. Be1 {[%clk 0:46:44]} Rfd8 {[%clk 0:38:02]} 23. Rd2
{[%clk 0:35:14]} Rd7 {[%clk 0:26:43]} 24. Rad1 {[%clk 0:29:19]} Rad8
{[%clk 0:25:36]} 25. Ne2 {[%clk 0:26:02]} Rd3 {[%clk 0:23:47]} 26. Rxd3
{[%clk 0:24:15]} Rxd3 {[%clk 0:23:34]} 27. Rxd3 {[%clk 0:23:06]} exd3
{[%clk 0:23:58]} 28. Qf2 {[%clk 0:22:48]} dxe2 {[%clk 0:24:19]} 29. Qxe2
{[%clk 0:22:59]} a5 {[%clk 0:21:56]} 30. Qf1 {[%clk 0:19:46]} Qxf1+
{[%clk 0:21:55]} 31. Kxf1 {[%clk 0:20:11]} Bd5 {[%clk 0:20:30]} 32. a3
{[%clk 0:19:14]} a4 {[%clk 0:20:33]} 33. Bf2 {[%clk 0:18:43]} b5 {[%clk 0:20:55]}
34. Bc5 {[%clk 0:18:13]} f5 {[%clk 0:20:45]} 35. Ke2 {[%clk 0:18:15]} Kf7
{[%clk 0:20:21]} 36. h4 {[%clk 0:18:10]} Ke6 {[%clk 0:20:19]} 37. Kd2
{[%clk 0:15:56]} Be4 {[%clk 0:19:51]} 38. Bb6 {[%clk 0:13:09]} Kd5
{[%clk 0:19:28]} 39. Be3 {[%clk 0:12:54]} Bg2 {[%clk 0:18:55]} 40. Ke2
{[%clk 0:42:35]} Ke4 {[%clk 0:48:54]} 41. Bg1 {[%clk 0:42:13]} Bf3+
{[%clk 0:49:06]} 42. Kd2 {[%clk 0:42:09]} Bg4 {[%clk 0:49:29]} 43. Bf2
{[%clk 0:39:49]} Kf3 {[%clk 0:49:47]} 44. Be1 {[%clk 0:38:59]} Bf8
{[%clk 0:50:03]} 45. c4 {[%clk 0:38:32]} bxc4 {[%clk 0:49:59]} 46. Kc3
{[%clk 0:38:37]} Ke2 {[%clk 0:49:58]} 47. Bd2 {[%clk 0:38:29]} Bg7+
{[%clk 0:50:22]} 48. Kc2 {[%clk 0:38:32]} Bxb2 {[%clk 0:50:22]} 0-1

[Event "WCO 2016"]
[Site "?"]
[Date "2016.09.09"]
[Round "7"]
[Board "11"]
[WhiteID "1923161"]
[White "Jorge Rita Maria Osorio"]
[BlackID "1802240"]
[Black "Camp Imogen A L"]
[Result "1/2-1/2"]
[BlackElo "1718"]
[WhiteElo "1791"]
[LiveChessVersion "1.4.8"]

1. e4 {[%clk 1:30:41]} e5 {[%clk 1:30:56]} 2. Nf3 {[%clk 1:30:51]} Nc6
{[%clk 1:31:21]} 3. Bb5 {[%clk 1:31:08]} a6 {[%clk 1:31:44]} 4. Ba4
{[%clk 1:31:29]} Nf6 {[%clk 1:31:35]} 5. O-O {[%clk 1:31:20]} b5 {[%clk 1:29:07]}
6. Bb3 {[%clk 1:27:35]} Bc5 {[%clk 1:27:44]} 7. d3 {[%clk 1:22:15]} d6
{[%clk 1:27:26]} 8. c3 {[%clk 1:20:55]} Bb6 {[%clk 1:26:43]} 9. h3
{[%clk 1:19:25]} O-O {[%clk 1:26:31]} 10. Re1 {[%clk 1:16:35]} Bd7
{[%clk 1:19:21]} 11. Nbd2 {[%clk 1:14:43]} Ne7 {[%clk 1:10:04]} 12. Nf1
{[%clk 1:08:01]} Ng6 {[%clk 1:03:46]} 13. d4 {[%clk 1:00:16]} Qc8
{[%clk 0:54:22]} 14. Ng3 {[%clk 0:44:10]} c5 {[%clk 0:49:46]} 15. Be3
{[%clk 0:18:50]} c4 {[%clk 0:35:06]} 16. Bc2 {[%clk 0:18:15]} Rb8
{[%clk 0:33:44]} 17. Kh2 {[%clk 0:03:07]} Bc7 {[%clk 0:24:19]} 18. Bg5
{[%clk 0:01:46]} Bd8 {[%clk 0:11:35]} 19. Qd2 {[%clk 0:01:08]} a5
{[%clk 0:07:37]} 20. Bxf6 {[%clk 0:01:13]} Bxf6 {[%clk 0:07:34]} 21. Rad1
{[%clk 0:00:56]} Rd8 {[%clk 0:07:06]} 22. Nh5 {[%clk 0:00:56]} Be7
{[%clk 0:06:50]} 23. a3 {[%clk 0:01:02]} Qc7 {[%clk 0:05:25]} 24. Kg1
{[%clk 0:01:11]} Qc8 {[%clk 0:05:06]} 25. Kh2 {[%clk 0:01:26]} Qc7
{[%clk 0:03:14]} 26. Kh1 {[%clk 0:01:40]} Qc8 {[%clk 0:02:19]} 27. Ng1
{[%clk 0:01:32]} h6 {[%clk 0:02:31]} 28. Rf1 {[%clk 0:01:30]} Bg5
{[%clk 0:02:34]} 29. Qe2 {[%clk 0:00:55]} b4 {[%clk 0:02:25]} 30. axb4
{[%clk 0:00:56]} axb4 {[%clk 0:02:51]} 31. d5 {[%clk 0:00:52]} b3
{[%clk 0:02:11]} 32. Bb1 {[%clk 0:01:22]} Ra8 {[%clk 0:01:36]} 33. Kh2
{[%clk 0:01:13]} Nf4 {[%clk 0:01:21]} 34. Nxf4 {[%clk 0:01:13]} Bxf4+
{[%clk 0:01:48]} 35. g3 {[%clk 0:01:18]} Bg5 {[%clk 0:02:14]} 36. f4
{[%clk 0:01:13]} exf4 {[%clk 0:01:34]} 37. gxf4 {[%clk 0:01:41]} Be7
{[%clk 0:01:52]} 38. Qg2 {[%clk 0:01:45]} Bf8 {[%clk 0:02:00]} 39. Ne2
{[%clk 0:01:37]} Re8 {[%clk 0:02:03]} 40. Rg1 {[%clk 0:30:49]} Qd8
{[%clk 0:31:30]} 41. Qf3 {[%clk 0:19:19]} Qh4 {[%clk 0:26:44]} 42. f5
{[%clk 0:18:27]} Qf6 {[%clk 0:26:03]} 43. Nf4 {[%clk 0:16:53]} Qe5
{[%clk 0:23:37]} 44. Rg3 {[%clk 0:16:16]} Kh7 {[%clk 0:22:32]} 45. Rdg1
{[%clk 0:11:46]} Ra1 {[%clk 0:19:11]} 46. Nh5 {[%clk 0:08:58]} Rxb1
{[%clk 0:09:30]} 47. Rxb1 {[%clk 0:08:43]} Qxe4 {[%clk 0:09:53]} 48. Rf1
{[%clk 0:03:30]} Qxf3 {[%clk 0:09:40]} 49. Rfxf3 {[%clk 0:03:43]} Re5
{[%clk 0:09:51]} 50. f6 {[%clk 0:01:50]} g5 {[%clk 0:08:34]} 51. Rg1
{[%clk 0:01:18]} Rxd5 {[%clk 0:08:44]} 52. Rff1 {[%clk 0:01:01]} Bc6
{[%clk 0:06:42]} 53. Rf2 {[%clk 0:01:08]} Rd3 {[%clk 0:04:22]} 54. Rg3
{[%clk 0:01:28]} Rd1 {[%clk 0:04:45]} 55. Rg1 {[%clk 0:01:52]} Rd3 1/2-1/2